Farreras - Rozman. Medicina Interna. (Registro nro. 2836)
[ vista simple ]
| 000 -LEADER | |
|---|---|
| fixed length control field | 01234nam a2200373 a 4500 |
| 008 - CAMPO DE CONTROL (LIBRO) | |
| fixed length control field | 181121e2016 ||||f |||| 001 0 spa d |
| 020 ## - INTERNATIONAL STANDARD BOOK NUMBER | |
| ISBN | 9788490229941 |
| 041 ## - CODIGO DE IDIOMA | |
| Código de idioma del texto/pista de sonido o título separado | spa |
| 092 ## - SIGNATURA TOPOGRAFICA DEWEY LOCAL | |
| número de clasificación | 616 |
| libristica | 24 |
| sección | FAR |
| 100 1# - ENTRADA PRINCIPAL--NOMBRE PERSONAL | |
| Nombre personal | Rozman, Ciril |
| Función | Dir. |
| 9 (RLIN) | 449 |
| 245 ## - TITULO PROPIAMENTE DICHO | |
| Título | Farreras - Rozman. Medicina Interna. |
| Subtítulo y Título paralelo | T.1 / |
| Mención de responsabilidad y remanente de la transcripción de la portada | Ciril Rozman |
| 250 ## - MENCION DE EDICION | |
| Mención de edición | 18a ed. |
| 260 ## - PIE DE IMPRENTA | |
| Lugar de publicación, distribución, etc | Barcelona: |
| Nombre de la editorial, distribuidor, etc | Elsevier; |
| Fecha de publicación | 2016. |
| 300 ## - DESCRIPCION FISICA | |
| Extension | 1-1284 p. |
| 500 ## - NOTA GENERAL | |
| Nota general | Rozman, C. (Dir.) y Cardellach López, F. (Subdir.). (2016). Farreras - Rozman. Medicina Interna. T.1 (18a ed.). Barcelona : Elsevier. |
| 590 ## - NOTAS LOCALES (RLIN) | |
| Nota local | Compra Noviembre 2018. Fac. de Medicina |
| 653 ## - TÉRMINO INDIZADO - PALABRAS CLAVES | |
| Palabra clave | Fundamentos de la práctica médica |
| 653 ## - TÉRMINO INDIZADO - PALABRAS CLAVES | |
| Palabra clave | Enfermedades del aparato digestivo |
| 653 ## - TÉRMINO INDIZADO - PALABRAS CLAVES | |
| Palabra clave | Gastroenterología |
| 653 ## - TÉRMINO INDIZADO - PALABRAS CLAVES | |
| Palabra clave | Hepatología |
| 653 ## - TÉRMINO INDIZADO - PALABRAS CLAVES | |
| Palabra clave | Cardiología |
| 653 ## - TÉRMINO INDIZADO - PALABRAS CLAVES | |
| Palabra clave | Angiología |
| 653 ## - TÉRMINO INDIZADO - PALABRAS CLAVES | |
| Palabra clave | Neumología |
| 653 ## - TÉRMINO INDIZADO - PALABRAS CLAVES | |
| Palabra clave | Nefrología |
| 653 ## - TÉRMINO INDIZADO - PALABRAS CLAVES | |
| Palabra clave | Reumatología y Enfermedades sistémicas |
| 653 ## - TÉRMINO INDIZADO - PALABRAS CLAVES | |
| Palabra clave | Reumatología |
| 653 ## - TÉRMINO INDIZADO - PALABRAS CLAVES | |
| Palabra clave | Enfermedades sistémicas |
| 653 ## - TÉRMINO INDIZADO - PALABRAS CLAVES | |
| Palabra clave | Oncología médica |
| 653 ## - TÉRMINO INDIZADO - PALABRAS CLAVES | |
| Palabra clave | Genética médica |
| 653 ## - TÉRMINO INDIZADO - PALABRAS CLAVES | |
| Palabra clave | Geriatría |
| 653 ## - TÉRMINO INDIZADO - PALABRAS CLAVES | |
| Palabra clave | Dermatología en medicina interna |
| 700 1# - ENTRADAS SECUNDARIAS - NOMBRE PERSONAL | |
| Nombre personal | Cardellach López, F. |
| Función | Subdir. |
| 9 (RLIN) | 3988 |
| 942 ## - ADDED ENTRY ELEMENTS (KOHA) | |
| Source of classification or shelving scheme | Dewey Decimal Classification |
| Item type | Libros |
| Estado de retiro | Existencia | Fuente de clasificación | Estado general | No para prestamo | Colección | Ubicación permanente | ubicación actual | Sala de ubicación | Fecha de adquisición | Fuente de adquisición | Total Checkouts | Total Renewals | Número de clasificación | Código de barras | Date last seen | Date last borrowed | Número de ejemplar | Price effective from | Koha tipo de elemento (item) | Public note |
|---|---|---|---|---|---|---|---|---|---|---|---|---|---|---|---|---|---|---|---|---|
| Dewey Decimal Classification | Reference | Biblioteca Medicina | Biblioteca Medicina | Referencia | 21/11/2018 | Compra Noviembre 2018 Fac. Cs. Medicas | 12 | 8 | 616 24 FAR | 4359 | 04/03/2024 | 21/02/2024 | Ej. 15 Vol. 1 | 21/11/2018 | Reference | Compra Noviembre 2018 Fac. Cs. Medicas |